| 000 | 01169nam a2200313 i 4500 | ||
|---|---|---|---|
| 003 | EG-GICUC | ||
| 005 | 20260121101650.0 | ||
| 008 | 260105s1991 ua ||||f |||| 00| 0 ara d | ||
| 017 | _a1990/7352 | ||
| 040 |
_a EG-GICUC _bara _c EG-GICUC _d EG-GICUC _erda |
||
| 041 | _aara | ||
| 082 | 0 | 4 |
_221 _a345.7 _bم ح . م |
| 092 | 0 | 4 | _221 |
| 099 | _aLaw1 07 345.7 م ح . م 1991 | ||
| 100 | 0 |
_aمحمد سعيد حسين أمين _eمؤلف. |
|
| 245 | 1 | 2 |
_aالمبادئ العامة في تنفيذ العقود الإدارية / _cدكتور محمد سعيد حسين أمين . |
| 264 | 1 |
_aالقاهرة : _bدار الثقافة الجامعية ، _c1991 . |
|
| 300 |
_a320 ؛ صفحة _c24 سم |
||
| 336 |
_2rda content _atext |
||
| 337 |
_2rda media _aComputer |
||
| 338 |
_2rda carrier _aOnline Resource |
||
| 504 | _a. 320-316 ببليوجرافيا: صفحات. | ||
| 504 | _aيشتمل على إرجاعات ببليوجرافية | ||
| 650 | 1 | 4 |
_aالعقود الإدارية _xالقانون الإداري _2qrmak |
| 651 | 1 | _2qrmak | |
| 856 | 4 | 0 | _uhttps://fll.law.cu.edu.eg/fulltext/bks/B07-02551.pdf |
| 905 | _a61 | ||
| 942 |
_2ddc _cBK _e21 _n0 |
||
| 999 |
_c54736 _d54736 |
||